00980cam a2200265 a 450000100100000000500170001000800410002701000130006802000220008102000220010304000230012504300210014808200230016910000320019224501430022425000110036726000810037830000190045950400410047850500300051965100560054965100550060565000290066070000250068900001387820200929163401.0901022m19901991pr b 000 0 spa  a90022452 a0847708918 (t. 1) a0847708950 (t. 2) aDO-SdBNPcDLCdDLC anwpr---an-us--- a327.7295073bG216p1 aGarcia-Passalacqua, Juan M.10aPuerto Rico y los Estados Unidos :bel proceso de consulta y negociacion de 1989 y 1990 /cJuan M. Garcia-Passalacqua, Carlos Rivera Lugo. a1. ed. aRio Piedras, P.R. :bEditorial de la Universidad de Puerto Rico,c1990-1991. a2 v. ;c21 cm. aIncludes bibliographical references.0 at. 1. 1989 -- t. 2. 1990. 4aEstados UnidosxRelaciones ExterioreszPuerto Rico. 4aPuerto RicoxRelaciones ExterioreszEstados Unidos 4aPlebiscitozPuerto Rico.2 aRivera Lugo, Carlos.